Agricultural Landlord & Tenant Code of Practice for England (Record no. 121784)
[ view plain ]
| 000 -LEADER | |
|---|---|
| fixed length control field | 02839nam a22002297a 4500 |
| 008 - FIXED-LENGTH DATA ELEMENTS--GENERAL INFORMATION | |
| fixed length control field | 240202t2024 xxk|||||o|||| 00| 0 eng d |
| 041 ## - LANGUAGE CODE | |
| Language code of text/sound track or separate title | eng |
| 110 ## - MAIN ENTRY--CORPORATE NAME | |
| Corporate author | Royal Institution of Chartered Surveyors |
| 245 ## - TITLE STATEMENT | |
| Title | Agricultural Landlord & Tenant Code of Practice for England |
| Subtitle | a consultation |
| Medium | [Electronic resource] |
| 260 ## - PUBLICATION INFORMATION | |
| Place of publication | London, |
| Publisher | Royal Institution of Chartered Surveyors, |
| Date | 1 February 2024 |
| 300 ## - PHYSICAL DESCRIPTION | |
| Physical description | 5p. |
| 490 ## - SERIES TITLE | |
| Series statement | RICS Consultation |
| 520 ## - ABSTRACT | |
| Abstract | In February 2022 the DEFRA Secretary of State asked Baroness Rock to Chair a newly formed Tenancy Working Group with two clear objectives. The first was to look at how the new government financial schemes should be accessible, open, and flexible to tenant farmers. The second was to look at longer term changes that would ensure a robust, vibrant, and thriving agricultural tenanted sector for the future. With roughly a third of farmed land in England being tenanted, tenant farmers are vital to the nation’s food production alongside the delivery of environmental outcomes. Agricultural tenancies are a core area of work and fee income for many RICS Rural Practice members and firms. RICS members can and do act on behalf of landowners and tenants during agricultural tenancy negotiations. The nature of farming means that this can be, at times, a difficult and emotive area of practice, where appropriate conduct and behaviour is just as important as technical expertise.<br/><br/>One of the recommendations resulting from the Rock Review was the production of a Code of Practice on socially responsible behaviour for landlords, occupiers, and agents with the intention that the Code set out standards of expected behaviour for all in the sector and help encourage more collaborative tenant-landlord relationships.<br/><br/>The Agricultural Landlord and Tenant Code of Practice for England has now been drafted by an industry group consisting of representatives of all key stakeholders in the sector, including RICS, which is now consulting on this draft code. The views of Rural Chartered Surveyors and all sector stakeholders are encouraged in this key piece of work that will support the agricultural tenanted sector and its stakeholders far into the future. Consultation opened 1 Feb 2024 closes 29 Feb 2024. <br/> |
| 650 ## - KEYWORDS | |
| Keywords | AGRICULTURAL TENANCIES |
| 650 ## - KEYWORDS | |
| Keywords | LANDLORD AND TENANT |
| 651 ## - SUBJECT ADDED ENTRY--GEOGRAPHIC NAME | |
| Geographic name | England |
| 690 ## - BROAD SUBJECT | |
| 9 (RLIN) | 6252 |
| Broad subject | Landlord and tenant |
| 710 ## - ADDED CORPORATE NAME | |
| Added corporate author | Royal Institution of Chartered Surveyors |
| 856 ## - ONLINE RESOURCE | |
| Uniform Resource Identifier | <a href="https://consultations.rics.org/gf2.ti/-/1593858/195589445.1/PDF/-/Agricultural%20landlords-tenants%20CoP%20for%20England%20-%20draft%20for%20Industry%20Consultation.pdf">https://consultations.rics.org/gf2.ti/-/1593858/195589445.1/PDF/-/Agricultural%20landlords-tenants%20CoP%20for%20England%20-%20draft%20for%20Industry%20Consultation.pdf</a> |
| Public note | View the consultation document on RICS.org |
| 856 ## - ONLINE RESOURCE | |
| Uniform Resource Identifier | <a href="https://consultations.rics.org/Agricultural_tenants_COP/consultationHome">https://consultations.rics.org/Agricultural_tenants_COP/consultationHome</a> |
| Public note | View the RICS iConsult homepage on DCF |
| 942 ## - ADDED ENTRY ELEMENTS (KOHA) | |
| Suppress in OPAC | Do not suppress in OPAC |
| Lost status | Damaged status | Not for loan | Current library | Shelving location | Date acquired | Total Checkouts | Full call number | Date last seen | Price effective from | Koha item type |
|---|---|---|---|---|---|---|---|---|---|---|
| Virtual | Online | 02/02/2024 | RICS iConsult | 02/02/2024 | 02/02/2024 | Online material |